Emergenze : conversazioni con Aldo Braibanti /

Sparad:
Bibliografiska uppgifter
Huvudupphov: Raffo, Stefano (Författare, medförfattare)
Övriga upphov: Braibanti, Aldo
Materialtyp: Bok
Språk:italienska
Utgiven: Piacenza : Vicolo del pavone, 2003
Ämnen:
Taggar: Lägg till en tagg
Inga taggar, Lägg till första taggen!

MARC

LEADER 00000nam a22000007i 4500
001 IT\ICCU\CFI\0566456
003 ItRI
005 20260115231923.0
008 031212s2003 it |||||| ||||| |||||c
020 |a 8875030049 
040 |b ita  |c importazione bologna sebina 
041 7 |a ita  |2 ISO-639-2 
082 |a 001.1092  |9 VITA INTELLETTUALE. Persone  |2 21 
100 1 |a Raffo, Stefano  |0 IT\ICCU\SBLV\227339  |4 aut 
245 1 0 |a Emergenze :  |b conversazioni con Aldo Braibanti /  |c Stefano Raffo. 
260 |a Piacenza :  |b Vicolo del pavone,  |c 2003 
300 |a 95 p. :  |b ill. ;  |c 21 cm. 
650 7 |a Braibanti, Aldo  |2 scbi 
700 1 |a Braibanti, Aldo  |0 IT\ICCU\SBLV\022133 
942 |2 ddc  |c BK  |n 0 
952 |0 0  |1 0  |4 0  |6 DOC_858_920000000000000_RAF  |7 0  |9 16552  |a BO  |b BO  |d 2026-01-15  |i 8654  |l 0  |o DOC 858.92 RAF  |p BO8654  |r 2026-01-15 23:19:23  |w 2026-01-15  |x [Sebina 5] [1 v.]  |y BK  |z 1 v. 
999 |c 14166  |d 14166